| 000 | 00333nam a2200109Ia 4500 | ||
|---|---|---|---|
| 008 | 171211s9999 xx 000 0 und d | ||
| 245 | 4 | _aThe Management of Opera: An International Comparative Study | |
| 245 | _cJ. Tarondeau and P. Agid | ||
| 260 | _c2010 | ||
| 650 | _xmusic | ||
| 856 | _uhttp://down.ebook777.com/061/9780230247260.pdf | ||
| 999 |
_c348675 _d348675 |
||